| 000 | 00527nam a2200205Ia 4500 | ||
|---|---|---|---|
| 008 | 160303s9999 xx 000 0 und d | ||
| 020 | _a971-23-3873-8 | ||
| 050 | _aFIL HG 4515.3 | ||
| 050 | _b.M38 2003 | ||
| 245 | _aMathematics of investment / | ||
| 245 | _cAltares Arce. | ||
| 260 | _aManila: | ||
| 260 | _bRex Book Store, Inc., | ||
| 260 | _c2003 | ||
| 300 | _a303 pages : | ||
| 300 | _billustrations ; | ||
| 300 | _c25 cm. | ||
| 500 | _aIncludes bibliographical references. | ||
| 650 | _aBusiness mathematics. | ||
| 999 |
_c291329 _d291329 |
||